<?xml version="1.0" encoding="UTF-8"?><?xml-stylesheet type="text/xsl" href="static/style.xsl"?><OAI-PMH xmlns="http://www.openarchives.org/OAI/2.0/" xmlns:xsi="http://www.w3.org/2001/XMLSchema-instance" xsi:schemaLocation="http://www.openarchives.org/OAI/2.0/ http://www.openarchives.org/OAI/2.0/OAI-PMH.xsd"><responseDate>2026-04-14T05:49:52Z</responseDate><request verb="GetRecord" identifier="oai:www.recercat.cat:10459.1/71508" metadataPrefix="marc">https://recercat.cat/oai/request</request><GetRecord><record><header><identifier>oai:recercat.cat:10459.1/71508</identifier><datestamp>2024-12-05T12:02:26Z</datestamp><setSpec>com_2072_3622</setSpec><setSpec>col_2072_479130</setSpec></header><metadata><record xmlns="http://www.loc.gov/MARC21/slim" xmlns:dcterms="http://purl.org/dc/terms/" xmlns:xsi="http://www.w3.org/2001/XMLSchema-instance" xmlns:doc="http://www.lyncode.com/xoai" xsi:schemaLocation="http://www.loc.gov/MARC21/slim http://www.loc.gov/standards/marcxml/schema/MARC21slim.xsd">
   <leader>00925njm 22002777a 4500</leader>
   <datafield ind2=" " ind1=" " tag="042">
      <subfield code="a">dc</subfield>
   </datafield>
   <datafield ind2=" " ind1=" " tag="720">
      <subfield code="a">Sáez de Ocáriz Granja, Unai</subfield>
      <subfield code="e">author</subfield>
   </datafield>
   <datafield ind2=" " ind1=" " tag="720">
      <subfield code="a">Lavega i Burgués, Pere</subfield>
      <subfield code="e">author</subfield>
   </datafield>
   <datafield ind2=" " ind1=" " tag="260">
      <subfield code="c">2021-06-28T08:43:01Z</subfield>
   </datafield>
   <datafield ind2=" " ind1=" " tag="260">
      <subfield code="c">2021-06-28T08:43:01Z</subfield>
   </datafield>
   <datafield ind2=" " ind1=" " tag="260">
      <subfield code="c">2020</subfield>
   </datafield>
   <datafield ind2=" " ind1=" " tag="520">
      <subfield code="a">En el presente  escrito  se expresan las  reflexiones compartidas por Francisco Lagardera, Catedrático del Instituto Nacional de Educación Física de Cataluña (INEFC), Licenciado en Historia,  profesor  del  INEFC  durante  más  de  30  años  y  maestro  de  Educación  Física desde  hace  45  años.  En  la  conversación  mantenida  con  el  Dr.  Lavega  en  un  contexto muy cordial, el profesor Lagardera hace un recorrido en su historia académica desde que finalizó  sus  estudios  universitarios  hasta  la  actualidad.Muestra  el  significado  que  ha tenido  para  su  vida  profesional  y  científica  la  Ciencia  de  la  Acción  Motriz  o  Praxiología Motriz. Comparte una visión muy personal de algunas de las vivencias que marcaron su trayectoria, subrayando aquellos hitos que, bajo su percepción, supusieron un punto de inflexión tanto para él como para la Praxiología Motriz.</subfield>
   </datafield>
   <datafield ind2=" " ind1=" " tag="520">
      <subfield code="a">This  paper  expresses  the reflections  shared  by  Francisco  Lagardera,  Professor  at  the National  Institute  of  Physical  Education  of  Catalonia  (INEFC),  Bachelor  of  History, professor  at  INEFC  for  more  than  30  years  and  teacher  of  Physical  Education  for  45 years.  In  a  conversation  withDr.  Lavega  in  a  very  cordial  context,  Professor  Lagardera traces his academic history from the end of his university studies to the present day. It shows  the  meaning  that  Motor  Action  Science  or  Motor  Praxiology  has  had  for  his professional  and  scientificlife.  He  shares  a  very  personal  vision  of  some  of  the experiences  that  marked  his  career,  underlining  those  milestones  that,  under  his perception, represented a turning point for both him and Motor Praxiology.</subfield>
   </datafield>
   <datafield ind1="8" ind2=" " tag="024">
      <subfield code="a">http://hdl.handle.net/10459.1/71508</subfield>
   </datafield>
   <datafield tag="653" ind2=" " ind1=" ">
      <subfield code="a">Praxiología  motriz</subfield>
   </datafield>
   <datafield tag="653" ind2=" " ind1=" ">
      <subfield code="a">Educación  física</subfield>
   </datafield>
   <datafield tag="653" ind2=" " ind1=" ">
      <subfield code="a">Conducta  motriz</subfield>
   </datafield>
   <datafield tag="653" ind2=" " ind1=" ">
      <subfield code="a">Ciencia de  la acción motriz</subfield>
   </datafield>
   <datafield tag="653" ind2=" " ind1=" ">
      <subfield code="a">Formación universitaria</subfield>
   </datafield>
   <datafield ind2="0" ind1="0" tag="245">
      <subfield code="a">Entrevista a Francisco Lagardera, referente intelectual de la educación física y de la ciencia de la acción motriz</subfield>
   </datafield>
   <datafield ind2="0" ind1="0" tag="245">
      <subfield code="a">Entrevista a Francisco Lagardera, referente intelectual da educação física e da ciência da ação motriz</subfield>
   </datafield>
</record></metadata></record></GetRecord></OAI-PMH>